000 00705nam a2200229 a 4500
005 20240810063841.0
008 120614s2007 cl r 000 0 spa d
020 _a9789587045376
035 _aUPN01000185098
049 _aCG
050 4 _aPN3157
_bS5.2
100 1 _aSierra i Fabra, Jordi,
_d1947-
_930256
245 1 3 _aEl camino de las siete lunas /
_cJordi Sierra i Fabra ; il. Carlo Guillot.
260 _aBogotá :
_bAlfaguara,
_c2007.
300 _a125 p. :
_bil.
440 0 _aAlfaguara Infantil
650 4 _aTeatro en la educación
_95250
650 7 _aEstrategias educativas
_2
_91510
650 4 _aTITERES Y TEATRO DE TITERES EN EDUCACION
_99365
905 _aLibro
999 _c157201
_d157201